00680nam a2200229Ia 4500001000700000003000500007008004100012010001100053040000900064082001400073100002100087245010000108260004100208300002200249440000500271500002300276503001100299650003700310650003000347650003100377650004200408Z_1662CHAP220113s1993 xx 000 0 und d a164754 cCHAP a636.2 F67 aForbes, J. M. ed aQuantitative aspects of ruminant digestion and metabolism /ced. by J. M. Forbes and J. France aOxon :bC.A.B. International,c1993 a575 p. : gráfs. a ac. 2-3 fotocopía a205579 aDigestión I. t. II. France, J. aMetabolismo en rumiantes  aRumiantesxAlimentación  aRumiantesxAnatomía y fisiología